What's that noise? / (Record no. 49738)
| 000 -LEADER | |
|---|---|
| fixed length control field | 00446nam a2200133 4500 |
| 020 ## - INTERNATIONAL STANDARD BOOK NUMBER | |
| International Standard Book Number | 9781786703002 |
| 100 1# - MAIN ENTRY--PERSONAL NAME | |
| Personal name | Moss, Stephanie, |
| Relator term | author. |
| 9 (RLIN) | 75176 |
| 245 10 - TITLE STATEMENT | |
| Title | What's that noise? / |
| Statement of responsibility, etc | Stephanie Moss, Mark Jones. |
| 260 ## - PUBLICATION, DISTRIBUTION, ETC. (IMPRINT) | |
| Name of publisher, distributor, etc | Igloo Books Ltd.; |
| Date of publication, distribution, etc | June, 1st 2017. |
| 300 ## - PHYSICAL DESCRIPTION | |
| Extent | 24 pages : |
| Other physical details | chiefly illustrations (colour) ; |
| Dimensions | 25 cm. |
| 700 1# - ADDED ENTRY--PERSONAL NAME | |
| Personal name | Jones, Mark, |
| Dates associated with a name | 1983- |
| Relator term | artist. |
| 9 (RLIN) | 86864 |
| 942 ## - ADDED ENTRY ELEMENTS (KOHA) | |
| Source of classification or shelving scheme | |
| Withdrawn status | Lost status | Source of classification or shelving scheme | Damaged status | Not for loan | Home library | Current library | Date acquired | Total Checkouts | Full call number | Barcode | Date last seen | Date checked out | Price effective from | Koha item type |
|---|---|---|---|---|---|---|---|---|---|---|---|---|---|---|
| Logos International School | Logos International School | 11/12/2025 | 1 | E MOS | 041948 | 11/27/2025 | 11/20/2025 | 11/12/2025 | Book |